[Event "ICS rated blitz match"]
[Site "204.178.125.65"]
[Date "2000.02.19"]
[Round "?"]
[White "Hossa"]
[Black "PostModernist"]
[Result "0-1"]
[WhiteElo "2441"]
[BlackElo "2504"]
[PlyCount "116"]

1. d4 Nf6 2. c4 e6 3. g3 c5 4. e3 cxd4 5. exd4 d5 6. cxd5 Bb4+ 7. Bd2 Qxd5 8.
Nf3 Bxd2+ 9. Nbxd2 Nc6 10. Bc4 Qd6 11. Bb5 O-O 12. Bxc6 Qxc6 13. O-O Bd7 14.
Rc1 Qa6 15. Qb3 Bc6 16. a3 Rfd8 17. Qc3 Rac8 18. Ne5 Qb6 19. Nb3 Be8 20. Qe3
Nd5 21. Qf3 Qb5 22. a4 Qb4 23. a5 f6 24. Nc5 fxe5 25. Nxe6 Rxc1 26. Rxc1 e4 27.
Qxe4 Nf6 28. Qe1 Qxe1+ 29. Rxe1 Rd6 30. a6 bxa6 31. Nc7 Bf7 32. Rc1 h5 33. f3
Rxd4 34. Nxa6 Bd5 35. Rf1 Rc4 36. b4 Bb7 37. Ra1 Bxf3 38. Nc5 Rxb4 39. Kf2 Bc6
40. Rxa7 Rb5 41. Nd3 Ng4+ 42. Ke2 Nxh2 43. Rc7 Bf3+ 44. Ke3 Rd5 45. Nc5 Rg5 46.
Kf2 Re5 47. g4 Re2+ 48. Kg3 g5 49. gxh5 Rg2+ 50. Kh3 Nf1 51. Rc8+ Kh7 52. Rc7+
Kh6 53. Rc6+ Bxc6 54. Ne4 Rg1 55. Nxg5 Bd7+ 56. Kh4 Rg4+ 57. Kh3 Rxg5+ 58. Kh4
Rxh5# 0-1

[Event "ICS rated standard match"]
[Site "204.178.125.65"]
[Date "2000.02.19"]
[Round "?"]
[White "AlexTheGreat"]
[Black "Hossa"]
[Result "0-1"]
[WhiteElo "1922"]
[BlackElo "2189"]
[PlyCount "37"]

1. e4 g6 2. d4 Bg7 3. Nf3 d6 4. Bd3 Nf6 5. O-O O-O 6. c4 Nc6 7. b3 Bg4 8. Bb2
Nh5 9. Nbd2 Nxd4 10. Rb1 Nf4 11. Bc2 Nde2+ 12. Kh1 Bxb2 13. Rxb2 Qd7 14. Re1
Nc3 15. Qc1 Nxg2 16. Kxg2 Bxf3+ 17. Nxf3 Qg4+ 18. Kf1 Qxf3 19. Kg1 0-1

[Event "ICS rated bullet match"]
[Site "204.178.125.65"]
[Date "2000.02.19"]
[Round "?"]
[White "Hossa"]
[Black "undertaker1"]
[Result "0-1"]
[WhiteElo "2426"]
[BlackElo "2316"]
[PlyCount "96"]

1. d4 Nf6 2. Nf3 g6 3. g3 Bg7 4. c4 O-O 5. Bg2 d6 6. Nc3 Nbd7 7. Bg5 e5 8. dxe5
dxe5 9. O-O h6 10. Be3 Qe7 11. Nd5 Nxd5 12. cxd5 e4 13. Nd4 Nb6 14. Nb3 Rd8 15.
Bc5 Qe8 16. Bxb6 axb6 17. Qc2 Rxd5 18. Bxe4 Rd8 19. Qxc7 Bxb2 20. Rab1 Rxa2 21.
Qxb6 Bh3 22. Bxb7 Bxf1 23. Rxf1 Bg7 24. e4 Qe7 25. Bc6 Re2 26. f4 Rb2 27. Bd5
Rd6 28. Qc5 Qd7 29. Qc4 Qa7+ 30. Kh1 Qa2 31. Bxf7+ Kh7 32. Bg8+ Kh8 33. Nd2
Rdxd2 34. Qxa2 Rxh2+ 35. Kg1 Bd4+ 36. Rf2 Rhxf2 37. Qxb2 Rxb2+ 38. Kf1 Kxg8 39.
f5 gxf5 40. exf5 h5 41. Ke1 Bf2+ 42. Kd1 Bxg3 43. Kc1 Rf2 44. Kd1 h4 45. Kc1 h3
46. f6 h2 47. f7+ Kxf7 48. Kb1 h1=Q# 0-1

[Event "ICS rated bullet match"]
[Site "204.178.125.65"]
[Date "2000.02.19"]
[Round "?"]
[White "undertaker1"]
[Black "Hossa"]
[Result "1-0"]
[WhiteElo "2337"]
[BlackElo "2405"]
[PlyCount "95"]

1. e4 c5 2. Nf3 d6 3. d4 cxd4 4. Nxd4 Nf6 5. Nc3 Nc6 6. Bg5 e6 7. Qd2 Be7 8.
O-O-O O-O 9. f4 d5 10. e5 Nd7 11. Bxe7 Qxe7 12. Nf3 Qc5 13. Na4 Qe7 14. Nc3 Nb6
15. Bd3 Qc5 16. Rhf1 Nc4 17. Bxc4 Qxc4 18. f5 Nb4 19. Kb1 Bd7 20. fxe6 fxe6 21.
Qe3 b6 22. Qe1 Rac8 23. Rd4 Qc5 24. Qh4 Nxa2 25. Nxa2 Qxc2+ 26. Ka1 Qxg2 27.
Qf2 Rc2 28. Qxg2 Rxg2 29. Nc3 Be8 30. h4 g5 31. Ka2 g4 32. Ne1 Rxf1 33. Nxg2 h5
34. Nf4 Bf7 35. Nce2 Rh1 36. Rd3 Kf8 37. Nd4 Ke7 38. Rc3 Kd7 39. Nb5 Ke8 40.
Rc8+ Ke7 41. Rc7+ Kf8 42. Nd6 Be8 43. Nxe6+ Kg8 44. Nxe8 Rf1 45. Nf6+ Rxf6 46.
exf6 a6 47. Ng5 d4 48. Rc8# 1-0

[Event "ICS rated bullet match"]
[Site "204.178.125.65"]
[Date "2000.02.19"]
[Round "?"]
[White "Hossa"]
[Black "undertaker1"]
[Result "1/2-1/2"]
[WhiteElo "2386"]
[BlackElo "2356"]
[PlyCount "65"]

1. d4 Nf6 2. c4 e6 3. Nc3 Bb4 4. Nf3 c5 5. e3 O-O 6. a3 Bxc3+ 7. bxc3 d6 8. Be2
Qa5 9. Qc2 cxd4 10. exd4 Ne4 11. Bb2 Qf5 12. Bd3 d5 13. O-O Qf4 14. Rae1 f5 15.
cxd5 exd5 16. Qb3 Rd8 17. c4 Nd7 18. cxd5 Ndf6 19. d6+ Kh8 20. Ne5 Nxd6 21. Re2
Bd7 22. Nf7+ Nxf7 23. Qxf7 Rf8 24. Qb3 Bc6 25. Bc4 Rac8 26. Re7 Bxg2 27. Kxg2
Rxc4 28. Qxc4 Qg4+ 29. Kh1 Qf3+ 30. Kg1 Qg4+ 31. Kh1 Qf3+ 32. Kg1 Qg4+ 33. Kh1
1/2-1/2

[Event "ICS rated bullet match"]
[Site "204.178.125.65"]
[Date "2000.02.19"]
[Round "?"]
[White "undertaker1"]
[Black "Hossa"]
[Result "1-0"]
[WhiteElo "2357"]
[BlackElo "2385"]
[PlyCount "91"]

1. e4 Nf6 2. e5 Nd5 3. d4 d6 4. Nf3 Bg4 5. Be2 c6 6. O-O dxe5 7. dxe5 Nd7 8. c4
N5b6 9. Qd4 h5 10. Rd1 e6 11. h3 Bc5 12. Qe4 Bf5 13. Qf4 Bc2 14. Ng5 Qe7 15.
Rd2 Bf5 16. Rd1 O-O-O 17. Ne4 Bxe4 18. Qxe4 g5 19. Nc3 f6 20. exf6 Qxf6 21. Qf3
Qe5 22. Qe4 Rdf8 23. Rf1 Qf6 24. Be3 Bxe3 25. Qxe3 g4 26. Ne4 Qg6 27. Bd3 e5
28. c5 Nd5 29. Nd6+ Qxd6 30. cxd6 Nxe3 31. fxe3 Rxf1+ 32. Bxf1 g3 33. Rd1 Rf8
34. Bc4 Rf2 35. b4 Nf6 36. Be6+ Kd8 37. b5 cxb5 38. Rc1 Nd7 39. Rc7 Nb6 40. Rh7
Rf8 41. Rxb7 Nd7 42. Rxd7+ Ke8 43. Re7+ Kd8 44. Rxa7 Rf1+ 45. Kxf1 e4 46. Ra8#
1-0

[Event "ICS rated bullet match"]
[Site "204.178.125.65"]
[Date "2000.02.19"]
[Round "?"]
[White "Hossa"]
[Black "undertaker1"]
[Result "0-1"]
[WhiteElo "2368"]
[BlackElo "2374"]
[PlyCount "94"]

1. Nf3 Nf6 2. c4 g6 3. d4 Bg7 4. g3 O-O 5. Bg2 d6 6. Nc3 Nbd7 7. Bg5 h6 8. Bd2
c5 9. d5 Nb6 10. Qb3 e6 11. O-O exd5 12. cxd5 Re8 13. Rad1 Qe7 14. Bf4 Bf5 15.
Qb5 Ne4 16. Nxe4 Bxe4 17. Qb3 Rad8 18. Rfe1 Qf6 19. Bc1 c4 20. Qa3 Ra8 21. Nh4
Bc2 22. Rd2 Bd3 23. Qa5 Re5 24. f4 Re7 25. Kh1 Be4 26. Bxe4 Rxe4 27. e3 c3 28.
Rc2 Qe7 29. bxc3 Ra4 30. Qb5 Qe4+ 31. Rg2 g5 32. fxg5 hxg5 33. Qb2 Rc8 34. Rf1
gxh4 35. gxh4 Kf8 36. Qf2 Qxd5 37. Bb2 Bxc3 38. Bxc3 Rxc3 39. Qf6 Rc8 40. e4
Rxe4 41. Qh6+ Ke8 42. Qh8+ Kd7 43. Qg7 Rf4 44. Kg1 Rxf1+ 45. Kxf1 Qf3+ 46. Ke1
Qe3+ 47. Re2 Rc1# 0-1

[Event "ICS rated bullet match"]
[Site "204.178.125.65"]
[Date "2000.02.19"]
[Round "?"]
[White "undertaker1"]
[Black "Hossa"]
[Result "1-0"]
[WhiteElo "2390"]
[BlackElo "2352"]
[PlyCount "97"]

1. e4 d5 2. exd5 Qxd5 3. Nc3 Qa5 4. d4 Nf6 5. Nf3 Nc6 6. Bd2 Bd7 7. Bb5 O-O-O
8. a4 Qb4 9. Ne2 Qd6 10. O-O Bg4 11. Bxc6 Qxc6 12. Ne5 Qe6 13. f3 Bh5 14. Nf4
Qd6 15. c3 Bg6 16. Nfxg6 hxg6 17. Nxf7 Qxh2+ 18. Kf2 Rd5 19. Nxh8 Qh4+ 20. Ke3
Qxh8 21. f4 Qg8 22. Kd3 Qe6 23. Re1 Qf5+ 24. Kc4 g5 25. fxg5 Ne4 26. Rf1 Qe6
27. Kb4 Rd8 28. Ka3 Ng3 29. Rf3 Ne2 30. b4 c5 31. Re3 cxb4+ 32. cxb4 Qb6 33.
Rxe2 Rxd4 34. Qc2+ Kb8 35. Rf1 Qd8 36. Ref2 Rd3+ 37. Kb2 Qd4+ 38. Bc3 Rxc3 39.
Qxc3 Qxc3+ 40. Kxc3 Kc7 41. Rxf8 Kb6 42. R1f7 g6 43. Rc8 a5 44. Rg7 e6 45. Rxg6
Ka7 46. b5 Kb6 47. Rxe6+ Ka7 48. b6+ Ka6 49. Ra8# 1-0

[Event "ICS rated blitz match"]
[Site "204.178.125.65"]
[Date "2000.02.19"]
[Round "?"]
[White "PostModernist"]
[Black "Hossa"]
[Result "0-1"]
[WhiteElo "2517"]
[BlackElo "2428"]
[PlyCount "196"]

1. e4 c5 2. Nf3 d6 3. d4 cxd4 4. Nxd4 Nf6 5. Nc3 e6 6. g4 e5 7. Bb5+ Bd7 8.
Bxd7+ Nbxd7 9. Nf5 h6 10. Rg1 Qa5 11. Qe2 g6 12. Ng3 d5 13. Bd2 d4 14. Nd5 Qc5
15. Nxf6+ Nxf6 16. O-O-O O-O-O 17. Kb1 Rd6 18. h3 Rc6 19. Qd3 h5 20. g5 Nd7 21.
Ne2 Bg7 22. f4 exf4 23. Bxf4 Rd8 24. Nxd4 Bxd4 25. Qxd4 Qxc2+ 26. Ka1 Qc5 27.
Qd5 Qe7 28. Bd6 Qe6 29. Qxe6 fxe6 30. b4 h4 31. b5 Rc4 32. e5 Nb6 33. Rgf1 Nd5
34. Rc1 Rxc1+ 35. Rxc1+ Kd7 36. Rc4 a6 37. bxa6 bxa6 38. Rxh4 Kc6 39. a4 Ne3
40. Rh6 Rg8 41. Rh7 Nc4 42. Ka2 Kd5 43. Ra7 a5 44. Rh7 Kd4 45. Bc7 Rf8 46. Rh6
Rf2+ 47. Ka1 Kc3 48. Rh8 Kb3 49. Rb8+ Kxa4 50. Re8 Rh2 51. Rh8 Kb3 52. Rb8+ Ka3
53. Kb1 Rxh3 54. Kc2 Ne3+ 55. Kc1 Rh2 56. Bd6+ Ka2 57. Rc8 Kb3 58. Rb8+ Kc3 59.
Kb1 Rd2 60. Bc7 Nc4 61. Ka1 Rd7 62. Bd8 a4 63. Bf6 Rd1+ 64. Ka2 Rd2+ 65. Ka1
Rd3 66. Ka2 Kc2 67. Be7 Rd2 68. Ra8 Kc3+ 69. Ka1 Rb2 70. Ra7 Rc2 71. Rxa4 Nd2
72. Ra3+ Nb3+ 73. Rxb3+ Kxb3 74. Kb1 Re2 75. Kc1 Rxe5 76. Kd1 Ra5 77. Kd2 Kc4
78. Ke3 Kd5 79. Kd3 Ra8 80. Ke2 Ke4 81. Kf2 e5 82. Bf6 Kf4 83. Kf1 e4 84. Ke2
Ra5 85. Bd8 Rd5 86. Bb6 Kxg5 87. Be3+ Kf5 88. Bf2 g5 89. Bb6 g4 90. Be3 g3 91.
Kf1 Ra5 92. Kg1 Kg4 93. Bb6 Rb5 94. Bc7 Kf3 95. Bxg3 Kxg3 96. Kf1 Kf3 97. Kg1
Rh5 98. Kf1 Rh1# 0-1

[Event "ICS rated bullet match"]
[Site "204.178.125.65"]
[Date "2000.02.19"]
[Round "?"]
[White "Hossa"]
[Black "thutters"]
[Result "1-0"]
[WhiteElo "2338"]
[BlackElo "1957"]
[PlyCount "59"]

1. Nf3 g6 2. c4 b6 3. d4 Bb7 4. Nc3 Bg7 5. e4 d6 6. Bd3 Nd7 7. d5 c5 8. Bg5 h6
9. Bf4 Ngf6 10. O-O Ng4 11. Re1 Nge5 12. Nxe5 Nxe5 13. Bg3 g5 14. Bxe5 Bxe5 15.
Bc2 O-O 16. Qh5 Kg7 17. h4 e6 18. hxg5 hxg5 19. dxe6 fxe6 20. Rad1 Rh8 21. Qg4
Qf6 22. Qf3 Qh6 23. Kf1 Raf8 24. Qe3 Qh1+ 25. Ke2 Qxg2 26. Rg1 Qh3 27. Qxg5+
Kf7 28. Rxd6 Bxd6 29. Qg7+ Ke8 30. Ba4+ 1-0

[Event "ICS rated bullet match"]
[Site "204.178.125.65"]
[Date "2000.02.19"]
[Round "?"]
[White "thutters"]
[Black "Hossa"]
[Result "0-1"]
[WhiteElo "1954"]
[BlackElo "2341"]
[PlyCount "46"]

1. c4 c6 2. Nc3 Nf6 3. e4 d5 4. cxd5 cxd5 5. e5 Ng4 6. d4 Nc6 7. Nf3 h5 8. Be2
e6 9. O-O Be7 10. a3 Bd7 11. h3 Nh6 12. Ne1 g5 13. Nc2 Nf5 14. Bxh5 Qb6 15. Na4
Qb3 16. Nc3 Rxh5 17. Qxh5 Qxc2 18. Bxg5 Bf8 19. Nb5 Nb4 20. Nc7+ Qxc7 21. axb4
Nxd4 22. Rac1 Qxe5 23. Bf6 Qxh5 0-1

[Event "ICS rated bullet match"]
[Site "204.178.125.65"]
[Date "2000.02.19"]
[Round "?"]
[White "Hossa"]
[Black "thutters"]
[Result "1-0"]
[WhiteElo "2344"]
[BlackElo "1951"]
[PlyCount "57"]

1. e4 g6 2. d4 Bg7 3. Nc3 d6 4. Nf3 Nf6 5. Bd3 O-O 6. O-O Bg4 7. e5 Nfd7 8. h3
Bxf3 9. Qxf3 Nc6 10. exd6 Nxd4 11. Qxb7 cxd6 12. Be4 Nc5 13. Qxa8 Qxa8 14. Bxa8
Nxc2 15. Rb1 Rxa8 16. Bg5 Kf8 17. Nd5 e6 18. Be7+ Kg8 19. Nc7 Rc8 20. Bxd6 Ne4
21. Bf4 e5 22. Nd5 Rd8 23. Ne7+ Kf8 24. Nc6 Rd5 25. Rbc1 Nd4 26. Nxd4 exd4 27.
Rc8+ Ke7 28. Re1 f5 29. f3 1-0

[Event "ICS rated blitz match"]
[Site "204.178.125.65"]
[Date "2000.02.19"]
[Round "?"]
[White "Hossa"]
[Black "PackMaster"]
[Result "1/2-1/2"]
[WhiteElo "2448"]
[BlackElo "2524"]
[PlyCount "219"]

1. e4 d5 2. exd5 Qxd5 3. Nc3 Qa5 4. d4 c6 5. Nf3 Nf6 6. Be2 Bg4 7. O-O e6 8.
Ne5 Bxe2 9. Nxe2 Be7 10. Bg5 Nbd7 11. f4 Rd8 12. g3 O-O 13. c3 Nd5 14. Bxe7
Nxe7 15. Qb3 Qc7 16. Qa3 Nb6 17. Rfe1 Nf5 18. Nc1 Rd5 19. Nb3 Ra8 20. Nc5 Qe7
21. Rad1 Nc8 22. g4 Nh4 23. c4 Rd8 24. f5 Nd6 25. fxe6 fxe6 26. Rf1 Re8 27.
Rde1 Qg5 28. Qg3 Qd8 29. b3 a6 30. Ned7 Nf7 31. Rf2 Ng6 32. Ref1 Ngh8 33. g5 b6
34. Rxf7 Nxf7 35. Nf6+ Kh8 36. Nxe8 Qxe8 37. Na4 b5 38. Nc5 bxc4 39. bxc4 Qe7
40. g6 Nd6 41. gxh7 Nxc4 42. Qg6 Qh4 43. Nxe6 Qxh7 44. Qxh7+ Kxh7 45. Rc1 Re8
46. Ng5+ Kh6 47. Nf3 Na5 48. Rc5 Re3 49. Ne5 Ra3 50. Rc2 Ra4 51. Nf3 g6 52. Kf2
Kg7 53. Ke3 Nc4+ 54. Kd3 Na3 55. Rxc6 Nb5 56. d5 Rxa2 57. Ne5 Ra3+ 58. Kc4 g5
59. Rg6+ Kh7 60. Rxg5 Ra2 61. Rh5+ Kg7 62. h4 Rc2+ 63. Kd3 Rc1 64. Rg5+ Kf6 65.
Ng4+ Ke7 66. Ne3 a5 67. Rg4 Rc3+ 68. Kd2 Rc5 69. h5 Rc8 70. Ra4 Ra8 71. Nc4 Nd6
72. Ne5 Kf6 73. Nf3 Rh8 74. Kd3 Rxh5 75. Rxa5 Rh3 76. Ke2 Rh5 77. Rc5 Ke7 78.
Kd3 Rh3 79. Ke3 Nf5+ 80. Kf4 Kd6 81. Ra5 Nh4 82. Ng5 Ng2+ 83. Kf5 Rb3 84. Ne4+
Kc7 85. Rc5+ Kb6 86. Rc6+ Kb5 87. Nd6+ Ka5 88. Ke5 Nh4 89. Kf6 Nf3 90. Rc5+ Kb4
91. Rb5+ Ka4 92. Rxb3 Kxb3 93. Nf7 Nd2 94. Ke6 Kb4 95. Ne5 Ne4 96. Nc6+ Kc5 97.
Ne7 Kd4 98. Nf5+ Kc5 99. Ne3 Kd4 100. Nc2+ Kc5 101. Ke5 Nf6 102. d6 Nd7+ 103.
Ke6 Nf8+ 104. Ke7 Ng6+ 105. Kd7 Nf8+ 106. Kc7 Ne6+ 107. Kd7 Nf8+ 108. Kc7 Ne6+
109. Kd7 Nf8+ 110. Kc7 1/2-1/2

[Event "ICS rated standard match"]
[Site "204.178.125.65"]
[Date "2000.02.19"]
[Round "?"]
[White "Hossa"]
[Black "JaimeK"]
[Result "1-0"]
[WhiteElo "2195"]
[BlackElo "1826"]
[PlyCount "97"]

1. Nf3 c6 2. g3 c5 3. e4 b6 4. Bg2 Bb7 5. Nc3 d6 6. d4 Nf6 7. d5 e6 8. O-O exd5
9. exd5 Be7 10. Re1 O-O 11. Qe2 Re8 12. Bg5 Nbd7 13. Rad1 a6 14. a3 b5 15. Nh4
h6 16. Be3 Nb6 17. Nf5 Bf8 18. Qd3 Re5 19. f4 Re8 20. Bd2 Nc4 21. Bc1 Bc8 22.
b3 Nb6 23. Ne3 Bb7 24. Bb2 Rc8 25. Qd2 Rc7 26. a4 b4 27. Ne2 Ne4 28. Qd3 Rce7
29. Nf5 Bxd5 30. Nxe7+ Qxe7 31. a5 c4 32. Qe3 Bb7 33. Qxb6 d5 34. bxc4 dxc4 35.
Nd4 c3 36. Ba1 Qd7 37. Nb3 Qc8 38. Qd4 Nd2 39. Rxe8 Qxe8 40. Bxb7 Nxb3 41. cxb3
Qe2 42. Kh1 Qb5 43. Qd5 c2 44. Rc1 Qe2 45. Qf3 Qd2 46. Bb2 Be7 47. Bxa6 Bf6 48.
Bd3 Bxb2 49. Qa8# 1-0

[Event "ICS rated blitz match"]
[Site "204.178.125.65"]
[Date "2000.02.19"]
[Round "?"]
[White "occam"]
[Black "Hossa"]
[Result "0-1"]
[WhiteElo "2418"]
[BlackElo "2451"]
[PlyCount "144"]

1. e4 g6 2. d4 Bg7 3. Nf3 d6 4. Nc3 Nf6 5. Be2 O-O 6. O-O Bg4 7. Bf4 Nbd7 8. h3
Bxf3 9. Bxf3 e5 10. dxe5 Nxe5 11. Be2 Re8 12. Bg5 Nc6 13. Bd3 Ne5 14. Qc1 c6
15. Rd1 Nxd3 16. cxd3 Qb6 17. Rb1 Qd4 18. Qe3 Qe5 19. d4 Qe6 20. d5 Qe7 21.
dxc6 bxc6 22. Re1 Qe6 23. Qg3 Nd7 24. Bd2 Nc5 25. b3 Rac8 26. f3 Nd3 27. Re2
Bd4+ 28. Kh1 f5 29. Qh4 Bf6 30. Qh6 fxe4 31. Nxe4 d5 32. Nxf6+ Qxf6 33. Rxe8+
Rxe8 34. b4 Re2 35. Qg5 Qxg5 36. Bxg5 Rxa2 37. f4 Kg7 38. Rb3 Nf2+ 39. Kg1 Ne4
40. Bd8 c5 41. bxc5 Nxc5 42. Re3 Ra1+ 43. Kh2 Ne4 44. Rb3 a6 45. Rb7+ Kg8 46.
Rd7 Rd1 47. Bg5 Nxg5 48. fxg5 d4 49. Kg3 Rd3+ 50. Kf4 Rd2 51. Kf3 d3 52. g3 a5
53. Ke4 a4 54. Ke3 Rg2 55. Kf3 Rh2 56. h4 d2 57. Ke3 a3 58. Rd8+ Kf7 59. Rd4
Rg2 60. Rf4+ Ke7 61. Rf1 Kd6 62. Kd3 Ke6 63. Kc3 a2 64. Kb3 Re2 65. Kc3 Re1 66.
Rf6+ Ke5 67. Ra6 d1=Q 68. Ra5+ Ke4 69. Kb4 Qd6+ 70. Kc4 Rb1 71. Re5+ Qxe5 72.
g4 Qd4# 0-1

[Event "ICS rated blitz match"]
[Site "204.178.125.65"]
[Date "2000.02.19"]
[Round "?"]
[White "Hossa"]
[Black "occam"]
[Result "1-0"]
[WhiteElo "2465"]
[BlackElo "2404"]
[PlyCount "175"]

1. d4 d5 2. Nf3 Nf6 3. c4 dxc4 4. Qa4+ Nc6 5. Qxc4 Bg4 6. Ne5 Be6 7. Qb5 a6 8.
Nxc6 axb5 9. Nxd8 Rxd8 10. e3 Bd7 11. Be2 e6 12. O-O Bd6 13. Nc3 b4 14. Nb5
Bxb5 15. Bxb5+ c6 16. Bd3 O-O 17. h4 e5 18. dxe5 Bxe5 19. Rd1 Rd5 20. Be2 Rxd1+
21. Bxd1 Rd8 22. Bc2 c5 23. f4 Bc7 24. Kf2 c4 25. e4 Bb6+ 26. Kf3 Bd4 27. e5
Nd7 28. g4 f6 29. e6 Nc5 30. f5 Rd5 31. Rb1 h5 32. Bf4 hxg4+ 33. Kxg4 b3 34.
axb3 cxb3 35. Bd1 Rd8 36. Be2 Kf8 37. Bc7 Rc8 38. Bd6+ Kg8 39. Rd1 Be3 40. Bxc5
Bxc5 41. Bc4 Bb6 42. Bxb3 Kf8 43. Rd7 Rc7 44. Rd8+ Ke7 45. Rg8 Kd6 46. Bd1 Ke5
47. Be2 Be3 48. Bf3 Kd6 49. Kh5 b6 50. Kg6 Bh6 51. Rb8 Be3 52. b4 Ra7 53. Bb7
Ke7 54. Be4 Kd6 55. Rd8+ Ke7 56. Rg8 Bh6 57. Rb8 Bf4 58. Rxb6 Bh6 59. Rb8 Kd6
60. Bd3 Ke7 61. Bc4 Rc7 62. Bb5 Ra7 63. Bd3 Kd6 64. Rd8+ Ke7 65. Rc8 Kd6 66.
Be2 Ke7 67. b5 Ra2 68. Bf3 Bf4 69. Kxg7 Ra1 70. Bc6 Rg1+ 71. Kh7 Re1 72. h5 Bg5
73. Rc7+ Kd6 74. Rd7+ Ke5 75. Kg6 Kf4 76. e7 Re5 77. b6 Rxe7 78. Rxe7 Kg3 79.
h6 Bxh6 80. Kxh6 Kf4 81. Re4+ Kxf5 82. Kg7 Kg5 83. Rg4+ Kxg4 84. Kxf6 Kf4 85.
b7 Kg4 86. b8=Q Kh4 87. Bd7 Kh5 88. Qh8# 1-0

[Event "ICS rated blitz match"]
[Site "204.178.125.65"]
[Date "2000.02.19"]
[Round "?"]
[White "PostModernist"]
[Black "Hossa"]
[Result "1-0"]
[WhiteElo "2481"]
[BlackElo "2478"]
[PlyCount "211"]

1. e4 e5 2. Nf3 d6 3. Bc4 Be7 4. d4 exd4 5. Nxd4 Nf6 6. Nc3 O-O 7. O-O Nxe4 8.
Nxe4 d5 9. Bd3 dxe4 10. Bxe4 Nd7 11. c3 Nf6 12. Bf3 c5 13. Ne2 Bg4 14. Bxg4
Nxg4 15. Nf4 Qxd1 16. Rxd1 c4 17. h3 Nf6 18. Be3 Rfc8 19. Nd5 Nxd5 20. Rxd5 Rd8
21. Rxd8+ Bxd8 22. Re1 h5 23. Bd4 f6 24. Re8+ Kf7 25. Rh8 b6 26. Rxh5 Be7 27.
b3 cxb3 28. axb3 Re8 29. g4 g6 30. Rd5 Ke6 31. c4 Rh8 32. Kg2 Bb4 33. f4 Ba3
34. f5+ gxf5 35. Rxf5 Be7 36. Rf4 Rh6 37. Re4+ Kd7 38. Re1 Bd6 39. Ra1 Bb8 40.
c5 Kc6 41. cxb6 axb6 42. Re1 Kd5 43. Bxb6 f5 44. Rd1+ Ke4 45. Bf2 fxg4 46. Rd4+
Ke5 47. Rxg4 Ke6 48. h4 Bd6 49. Bg3 Be7 50. Kf3 Kd5 51. Bf2 Bf6 52. Ra4 Bc3 53.
Ke2 Be5 54. Kd3 Bc7 55. Be3 Rh5 56. Rc4 Bd6 57. Bf4 Be7 58. Bg3 Rf5 59. Rd4+
Kc6 60. Ke2 Rb5 61. Rc4+ Kd5 62. Rc3 Bb4 63. Rd3+ Ke4 64. Re3+ Kf5 65. Kf1 Ra5
66. Kg2 Rd5 67. Rf3+ Kg6 68. Kh3 Kh5 69. Re3 Rf5 70. Re5 Rxe5 71. Bxe5 Be7 72.
Bg3 Bb4 73. Bf2 Ba5 74. Kg3 Bc3 75. Kf4 Ba5 76. Kf5 Bb4 77. Bg3 Ba5 78. Kf4
Bd2+ 79. Kf3 Bc3 80. Ke4 Kg4 81. Be5 Ba5 82. Bf6 Bb4 83. Kd5 Kf5 84. Bg5 Be1
85. Kc4 Ke4 86. h5 Kf5 87. h6 Kg6 88. Be3 Kh7 89. b4 Bh4 90. b5 Bd8 91. Bf4 Ba5
92. Kc5 Be1 93. b6 Bf2+ 94. Kb5 Bd4 95. b7 Ba7 96. Ka6 Bf2 97. b8=Q Kg6 98.
Qb1+ Kf7 99. Qf5+ Ke7 100. h7 Bd4 101. Qe4+ Kf7 102. Qxd4 Ke6 103. Qe5+ Kf7
104. h8=Q Kg6 105. Be3 Kf7 106. Qhg7# 1-0

[Event "ICS rated blitz match"]
[Site "204.178.125.65"]
[Date "2000.02.19"]
[Round "?"]
[White "Hossa"]
[Black "PostModernist"]
[Result "1/2-1/2"]
[WhiteElo "2462"]
[BlackElo "2497"]
[PlyCount "220"]

1. e4 c6 2. Nc3 Nf6 3. e5 Nd5 4. Nxd5 cxd5 5. d4 d6 6. exd6 e6 7. Qg4 Qxd6 8.
Nf3 Nc6 9. Bd2 e5 10. dxe5 Bxg4 11. exd6 Bxd6 12. Be2 O-O 13. O-O-O Rac8 14.
Rde1 Bf5 15. Nh4 Be6 16. Nf3 Nb4 17. Bxb4 Bxb4 18. Rd1 Bd6 19. Nd4 a5 20. Nxe6
fxe6 21. Bg4 Kf7 22. Rhe1 Rce8 23. Rd3 Bf4+ 24. Kb1 Bxh2 25. Rf3+ Kg6 26. Rh3
Kg5 27. Bf3 Bd6 28. Rxh7 Kg6 29. Reh1 Rc8 30. Bh5+ Kf6 31. Be2 Rc7 32. Bb5 g6
33. Rxc7 Bxc7 34. Rh7 Rf7 35. Rh8 Ke5 36. f3 Rf5 37. Be8 Rg5 38. g4 Kf4 39. Rh7
Bd6 40. Rd7 Re5 41. Kc1 Bb4 42. c3 Bc5 43. Rf7+ Kg3 44. Kd1 g5 45. Bb5 Be3 46.
Bd7 Bf4 47. Re7 Kxf3 48. Rxe6 d4 49. Rxe5 Bxe5 50. cxd4 Bxd4 51. Kc2 Be5 52. a4
Ke4 53. Bc8 b6 54. Kb3 Kd3 55. Bb7 Kd2 56. Ka2 Kc1 57. b3 Kc2 58. Bc6 Kd3 59.
Bd7 Kc3 60. Bb5 Bd6 61. Bd7 Bc5 62. Be8 Be3 63. Bd7 Bd2 64. Bf5 Bc1 65. Bd7 Bf4
66. Bc6 Bg3 67. Bb5 Kd2 68. Be8 Bf4 69. Kb2 Bh2 70. Bg6 Be5+ 71. Ka2 Kc3 72.
Be8 Kb4 73. Bc6 Bf6 74. Bd7 Kc3 75. Be6 Be5 76. Bd5 Kd4 77. Bf7 Kd3 78. Bg6+
Kd2 79. Bf7 Bd6 80. Kb2 Be7 81. Bd5 Bc5 82. Bf7 Bd4+ 83. Kb1 Bc5 84. Kb2 Kd3
85. Bg6+ Kd4 86. Kc2 Bb4 87. Bd3 Ke3 88. Bb5 Be1 89. Bd7 Ke2 90. Bf5 Bb4 91.
Bd7 Bc5 92. Kc3 Ke3 93. Kc4 Ke4 94. Kb5 Kd5 95. Bc6+ Kd6 96. Be8 Bd4 97. Bf7
Be3 98. b4 Bd2 99. bxa5 bxa5 100. Kc4 Ke5 101. Bg6 Be3 102. Kb5 Bd2 103. Kc4
Bb4 104. Bf5 Bd2 105. Bg6 Bb4 106. Bf5 Be1 107. Bc2 Kf4 108. Bf5 Ke5 109. Bc2
Bb4 110. Bf5 Be1 1/2-1/2

[Event "ICS rated bullet match"]
[Site "204.178.125.65"]
[Date "2000.02.19"]
[Round "?"]
[White "thutters"]
[Black "Hossa"]
[Result "0-1"]
[WhiteElo "1969"]
[BlackElo "2350"]
[PlyCount "42"]

1. d4 c6 2. Nf3 d5 3. g3 e6 4. Bg2 Nf6 5. O-O Bd6 6. c4 dxc4 7. Qc2 b5 8. e4
Be7 9. a4 O-O 10. Bg5 Nbd7 11. Nc3 b4 12. Ne2 Ba6 13. Rfd1 b3 14. Qb1 Rb8 15.
Nc3 Bb4 16. Ne5 Qc7 17. f4 h6 18. Bh4 Rfc8 19. Kh1 Qb6 20. g4 Nxe5 21. dxe5
Nxg4 0-1

[Event "ICS rated bullet match"]
[Site "204.178.125.65"]
[Date "2000.02.19"]
[Round "?"]
[White "Hossa"]
[Black "thutters"]
[Result "1-0"]
[WhiteElo "2353"]
[BlackElo "1966"]
[PlyCount "41"]

1. d4 e6 2. Nc3 b6 3. e4 Bb7 4. Nf3 Bb4 5. Bd3 Nf6 6. e5 Ne4 7. Bxe4 Bxe4 8.
O-O Bxc3 9. bxc3 O-O 10. Bg5 Qe8 11. Re1 Bb7 12. c4 f6 13. exf6 gxf6 14. Bh6
Rf7 15. Nh4 Kh8 16. c3 Qg8 17. Qh5 Nc6 18. Re3 Ne7 19. Rg3 Qe8 20. Qg4 Ng6 21.
Nxg6+ 1-0

[Event "ICS rated bullet match"]
[Site "204.178.125.65"]
[Date "2000.02.19"]
[Round "?"]
[White "zidaan"]
[Black "Hossa"]
[Result "0-1"]
[WhiteElo "2175"]
[BlackElo "2356"]
[PlyCount "104"]

1. e4 Nf6 2. Nc3 d5 3. e5 Ne4 4. Nce2 d4 5. d3 Nc5 6. Bf4 Nc6 7. Nf3 e6 8. Ng3
Na4 9. Be2 Nxb2 10. Qb1 Bb4+ 11. Bd2 Bxd2+ 12. Nxd2 Na4 13. Qc1 Nxe5 14. O-O
O-O 15. Qa3 Nc3 16. Nde4 Nd5 17. f4 Nc6 18. Bf3 Ne3 19. Rf2 g6 20. Qc5 Bd7 21.
Re1 f6 22. Nf1 Nxf1 23. Kxf1 Re8 24. Ng3 a6 25. Qc4 b5 26. Qb3 Na5 27. Qb2 Bc6
28. Bxc6 Nxc6 29. Qb3 Na5 30. Qb4 Nb7 31. Qb3 Nc5 32. Qb2 Qd5 33. Ne4 Nxe4 34.
dxe4 Qc5 35. Kg1 a5 36. Kh1 a4 37. f5 exf5 38. Qc1 Rxe4 39. Rxe4 fxe4 40. Rxf6
d3 41. Qf1 Qxc2 42. Rf2 Qc4 43. Rd2 Rf8 44. Qe1 a3 45. h3 c5 46. Kh2 h6 47. Rf2
Rxf2 48. Qxf2 Kg7 49. Qf6+ Kxf6 50. Kg3 Ke5 51. h4 Qc2 52. Kg4 Qxg2# 0-1

[Event "ICS rated blitz match"]
[Site "204.178.125.65"]
[Date "2000.02.19"]
[Round "?"]
[White "Hossa"]
[Black "Amateur"]
[Result "0-1"]
[WhiteElo "2464"]
[BlackElo "2511"]
[PlyCount "90"]

1. d4 Nf6 2. Nf3 e6 3. Bg5 h6 4. Bf4 Bd6 5. Bxd6 cxd6 6. c4 O-O 7. Nc3 Na6 8.
e4 Qa5 9. Bd3 b6 10. e5 dxe5 11. dxe5 Ng4 12. Be4 Rb8 13. Qd4 f5 14. exf6 Nxf6
15. Bg6 Bb7 16. Ne5 Bxg2 17. Rg1 Bc6 18. Nxc6 dxc6 19. Qd6 Rfd8 20. Qxe6+ Kh8
21. Kf1 Qb4 22. Nd1 Nc5 23. Qe2 b5 24. cxb5 Rd2 25. Qf3 cxb5 26. Kg2 Ne6 27.
Qf5 Nf4+ 28. Kh1 Qc4 29. f3 Nxg6 30. Qxg6 Rg8 31. Qf5 Re8 32. Nc3 Rxb2 33. Qg6
Re7 34. Rgc1 Rc7 35. a3 Qf4 36. Qg3 Qd2 37. f4 Ne4 38. Nxe4 Rxc1+ 39. Rxc1
Qxc1+ 40. Qg1 Qxf4 41. Qf2 Qxe4+ 42. Kg1 Qg4+ 43. Kf1 Rb1+ 44. Qe1 Qf3+ 45. Kg1
Rxe1# 0-1